000
00321nam a2200145Ia 4500
100
_a
Sinha/Alok K
942
_c
BK
654
_a
Network in windows
245
_a
Network Programming in Windows
260
_b
Addison Wesly
_a
Reading
_c
1996
082
_a
5.2
_b
SIN
300
_a
619
546
_a
ENGLISH
999
_c
31467
_d
31467